LEADER 01071nam0-22003491i-450- 001 990005465300403321 005 20080305115532.0 010 $a069105245x 035 $a000546530 035 $aFED01000546530 035 $a(Aleph)000546530FED01 035 $a000546530 100 $a19990604d1977----km-y0itay50------ba 101 0 $aeng 102 $aUS 105 $ay-------001yy 200 1 $a<>Roman Inquisition and the Venetian press$e1540-1605$fPaul F. Grendler 210 $aPrinceton (N.J.)$cPrinceton University Press$dc1977 215 $aXXIII, 374 p.$cill.$d24 cm 676 $a098.11 700 1$aGrendler,$bPaul Frederick$f<1936- >$0158129 801 0$aIT$bUNINA$gRICA$2UNIMARC 901 $aBK 912 $a990005465300403321 952 $aSDI-KE 230$b2469$fSDI 952 $a098.11 GRE 1$bST.MED.MOD. 8787$fFLFBC 952 $a098.11 GRE 1 BIS$bST.MED.MOD. 8797$fFLFBC 952 $a098.11 GRE 1 TER$bST REL. 1938$fFLFBC 959 $aFLFBC 959 $aSDI 996 $aRoman inquisition and the venetian press$918079 997 $aUNINA LEADER 02340oam 2200589 c 450 001 9910999661703321 005 20260302090207.0 010 $a3-7815-6167-4 024 3 $a9783781561670 035 $a(CKB)38730305400041 035 $a(Verlag Julius Klinkhardt)9783781561670 035 $a(EXLCZ)9938730305400041 100 $a20260302d2025 uy 0 101 0 $aeng 135 $aur||||||||||| 181 $ctxt$2rdacontent 182 $cc$2rdamedia 183 $acr$2rdacarrier 200 00$aBildung für alle stärken ? Improve Education for All$eEin Handbuch für die evidenzbasierte Entwicklung inklusiver Schulen - A Handbook for Evidence-Based Development of Inclusive Schools$fMinna Törmänen, Monika T. Wicki 205 $a1st ed. 210 $aBad Heilbrunn$cVerlag Julius Klinkhardt$d2025 215 $a1 online resource (288 p.) 311 08$a3-7815-2707-7 330 $aDieses Handbuch bringt aktuelle internationale Forschungsergebnisse der Unterrichts-, Schul- und Systementwicklung zusammen und bietet Lehrpersonen, Schulleitenden und Schulbehörden Instrumente, um ihre inklusionsorientierte Praxis evidenzbasiert weiterzuentwickeln. This handbook brings together international research findings and approaches on school development at various levels and provides tools for teachers, school leaders and educational authorities to further develop evidence-based practices of inclusion, diversity and equity. 606 $aSchulentwicklung 606 $aUnterrichtsentwicklung 606 $aInklusion 606 $aGovernance 606 $aEvidenz 606 $aSchool development 606 $ateaching development 606 $ainclusion 606 $aevidence 606 $agovernance 615 4$aSchulentwicklung 615 4$aUnterrichtsentwicklung 615 4$aInklusion 615 4$aGovernance 615 4$aEvidenz 615 4$aSchool development 615 4$ateaching development 615 4$ainclusion 615 4$aevidence 615 4$agovernance 702 $aTörmänen$b Minna$4edt 702 $aWicki$b Monika T$4edt 801 0$bVerlag Julius Klinkhardt 801 1$bVerlag Julius Klinkhardt 906 $aBOOK 912 $a9910999661703321 996 $aBildung für alle stärken = Improve Education for All$94378191 997 $aUNINA